Bienvenue à la Médiathèque de Saint-Andiol
banniere
Accueil Recherche avancée Mon compte
handi1 Rechercher dans le catalogue

Filtre   Mots-clés
  Recherche avancée
 
Lister les dernières nouveautés
 
Lister les livres GROS CARACTERES
 
Lister les périodiques (magazines)

handi1 Grenouille à grande bouche (La)

Book Cover
Auteur principal : Francine Vidal
Autres auteurs : Elodie Nouhen
Titre : Grenouille à grande bouche (La)
Support : Livres
Langue : Francais
Genre : Album
Sujets :
Étiquettes :
Pas de tags
LEADER 00764nam0a2200193 450
001 16867937
010 |a 978-2-278-05969-0  |b Br.  |d 21,01 € 
100 |a 20081202d2008 u u0frey01 ba 
101 0 |a fre 
102 |a FR 
200 0 |a Grenouille à grande bouche (La)  |f Elodie Nouhen et Francine Vidal 
207 1 |a   
215 |a 32 p.  |c ill. en coul.  |d 32 x 32 cm 
330 |a La grenouille à grande bouche gobe toute la journée des mouches. Mais un soir, elle se lasse et décide d'aller se promener pour trouver quelque chose de nouveau à manger... 
700 0 |a Vidal  |b Francine  |4 70 
701 0 |a Nouhen  |b Elodie  |4 70 
900 |a Album 
901 |a Jeunesse 
995 |a Médiathèque  |c Médiathèque  |f 00156007531643  |h 00156007531643  |k A VID BB  |o p  |q j  |r az  |e Médiathèque